01150nam a2200301 i 4500003000400000005001700004008004100021020003800062040002500100082001500125100003000140245017300170250001600343264006000359300004800419336002100467336002800488337002500516338002300541490003700564500003600601650004400637700003100681700003000712700004000742700002900782830003700811OSt20260226111822.0260223s2025 my a dr 000 0 eng d a9789674862701qpaperbackcRM66.95 aPPAKbengcPPAKerda04a510.762230 aLow, Heng Soon,4author, 10aADDITIONAL MATHEMATICS :bDual Language Programme. FORM 4&5 /cAuthors & Editors: Low Heng Soon, Jonathan Ho Jin, Previn a/l Partipan, Wardah Binti Ramli, Yap Chee Mun aNEW EDITION 1aPuchong, Selangor :bPNI Neuron (M) Sdn. Bhd.,c[2025?] a544 pages :bcolour illustrations ;c26 cm  atext2rdacontent astill image2rdacontent aunmediated2rdamedia avolume2rdacarrier1 aPembelajaran Holistik KSSM & SPM aIncludes questions and answers 10aMathematicsvProblems, exercises, etc. 1 aHo, Jonathan Jin,eauthor.0 aPrevin Partipan,eauthor.0 aNur Syahira Fitriah Sekri,eauthor.1 aYap, Chee Mun, eauthor. 0aPembelajaran Holistik KSSM & SPM